Inteligencia emocional : (Registro nro. 8558)

Detalles MARC
000 -LIDER
fixed length control field 00941nam a22002897a 4500
001 - NÚMERO DE CONTROL
Identificador de número de control 0074
003 - IDENTIFICACDOR DE NÚMERO DE CONTROL
control field DO-SdBNP
005 - DATE AND TIME OF LATEST TRANSACTION
control field 20171108125506.0
007 - CAMPOS FIJOS DE DESCRIPCIÓN FÍSICA
fixed length control field 0074
008 - ELEMENTOS DE LONGITUD FIJA
fixed length control field 151105b cl 2009 xxu||||| |||| 00| 0 spa d
020 ## - ISBN
International Standard Book Number 9789587420098
040 ## - FUENTE DE CATALOGACIÓN
Agencia que crea de manera original el registro BPMSU
Idioma de catalogación spa
Agencia que realiza la transcripción BPMSU
082 #4 - NÚMERO DE CLASIFICACIÓN DECIMAL DE DEWEY
Classification number 155.412
Item number L864i, 2009
100 10 - ASIENTO PRINCIPAL -- NOMBRE PERSONAL
Nombre personal López Jordán, María Elena
245 10 - MENCIÓN DE TITULO
Título Inteligencia emocional :
Subtítulo habiblidad social, control de las emociones, destreza personal y seguridad interior /
Mención de responsabilidad María Elena López Jordán, María Fernanda González Medina
250 ## - MENCIÓN DE EDICION
Mención de edición 2a ed.
260 ## - PUBLICACIÓN, DISTRIBUCIÓN, ETC. (PIE DE IMPRENTA)
Lugar de publicación, distribución, etc Bogotá:
Nombre del editor, distribuidor, etc. Gamma,
Fecha de publicación, distribución, etc 2009.
300 ## - DESCRIPCIÓN FÍSICA
Extensión v. :
Otros detalles físicos il., + CD-ROM
Dimensiones 29 cm.
504 ## - NOTA DE BIBLIOGRAFÍA, ETC.
Bibliography, etc Bibliografías : p. 120
650 ## - ENCABEZAMIENTO DE MATERIA--TEMÁTICO
Término temático o nombre geográfico como elemento de entrada ESTIMULACIÓN TEMPRANA
650 ## - ENCABEZAMIENTO DE MATERIA--TEMÁTICO
Término temático o nombre geográfico como elemento de entrada EDUCACIÓN DE NIÑOS
650 ## - ENCABEZAMIENTO DE MATERIA--TEMÁTICO
Término temático o nombre geográfico como elemento de entrada DESARROLLO INFANTIL
700 12 - ASIENTO SECUNDARIO -- NOMBRE PERSONAL
Nombre personal González Medina, María Fernanda
942 ## - ADDED ENTRY ELEMENTS (KOHA)
Source of classification or shelving scheme Dewey Decimal Classification
Koha item type Libros
945 ## - INFORMACIÓN DE PROCESAMIENTO LOCAL
Información de procesamiento local Inventariado, 2017/MFF
956 ## - LOCAL ELECTRONIC LOCATION AND ACCESS (OCLC)
Nombre de host Brenda Tavárez
Existencias
Withdrawn status Lost status Source of classification or shelving scheme Damaged status Not for loan Collection code Home library Current library Date acquired Source of acquisition Total Checkouts Full call number Barcode Date last seen Copy number Price effective from Koha item type Cost, replacement price
    Dewey Decimal Classification     Colección General Biblioteca Pública Metropolitana Salomé Ureña Biblioteca Pública Metropolitana Salomé Ureña 11/05/2015 Compra   155.412 L864i 2009 BPMSU15110063 11/05/2015 v. 1 11/05/2015 Libros  
    Dewey Decimal Classification     Colección General Biblioteca Pública Metropolitana Salomé Ureña Biblioteca Pública Metropolitana Salomé Ureña 11/05/2015 Compra   155.412 L864i 2009 BPMSU15110064 11/05/2015 v. 1, e. 2 11/05/2015 Libros  
    Dewey Decimal Classification     Colección General Biblioteca Pública Metropolitana Salomé Ureña Biblioteca Pública Metropolitana Salomé Ureña 11/05/2015 Compra   155.412 L864i 2009 BPMSU15110065 11/05/2015 v. 1, e. 3 11/05/2015 Libros  
    Dewey Decimal Classification     Colección General Biblioteca Pública Metropolitana Salomé Ureña Biblioteca Pública Metropolitana Salomé Ureña 11/05/2015 Compra   155.412 L864i 2009 BPMSU15110066 11/05/2015 v. 2 11/05/2015 Libros  
    Dewey Decimal Classification     Colección General Biblioteca Pública Metropolitana Salomé Ureña Biblioteca Pública Metropolitana Salomé Ureña 11/05/2015 Compra   155.412 L864i 2009 BPMSU15110067 11/05/2015 v. 2, e. 2 11/05/2015 Libros  
    Dewey Decimal Classification     Colección General Biblioteca Pública Metropolitana Salomé Ureña Biblioteca Pública Metropolitana Salomé Ureña 11/05/2015 Compra   155.412 L864i 2009 BPMSU15110068 11/05/2015 v. 2, e. 3 11/05/2015 Libros  
    Dewey Decimal Classification     Colección General Biblioteca Pública Metropolitana Salomé Ureña Biblioteca Pública Metropolitana Salomé Ureña 11/05/2015 Compra   155.412 L864i 2009 BPMSU15110069 11/05/2015 v. 3 11/05/2015 Libros  
    Dewey Decimal Classification     Colección General Biblioteca Pública Metropolitana Salomé Ureña Biblioteca Pública Metropolitana Salomé Ureña 11/05/2015 Compra   155.412 L864i 2009 BPMSU15110070 11/05/2015 v. 3, e. 2 11/05/2015 Libros  
    Dewey Decimal Classification     Colección General Biblioteca Pública Metropolitana Salomé Ureña Biblioteca Pública Metropolitana Salomé Ureña 11/05/2015 Compra   155.412 L864i 2009 BPMSU15110071 11/05/2015 v. 3, e. 3 11/05/2015 Libros 0.00